[Event "HUN-chT 9899"]
[Site "Hungary"]
[Date "1998.??.??"]
[Round "?"]
[White "Lorincz, Istvan"]
[Black "Vegh, Endre"]
[Result "0-1"]
[WhiteElo "2350"]
[BlackElo "2340"]
[Annotator "Vegh,E"]
[PlyCount "52"]
[EventDate "1998.??.??"]
[EventType "team"]
[EventRounds "12"]
[EventCountry "HUN"]
[SourceTitle "EXT 2000"]
[Source "ChessBase"]
[SourceDate "1999.11.16"]
[SourceVersion "1"]
[SourceVersionDate "1999.11.16"]
[SourceQuality "1"]

1. d4 Nf6 2. Nf3 g6 3. c3 Bg7 4. Bf4 d6 5. h3 O-O 6. e3 c5 7. Nbd2 (7. Be2 Be6
(7... cxd4 8. exd4 Be6 9. O-O Qb6 10. Qc1 Nc6 11. Re1 Rac8 12. Na3 Bd5 (12...
Nd5 $5) 13. Nc2 Be4 (13... Rfe8 $5) 14. Bd1 $8 Rfe8 15. Ng5 Bd5 (15... Bd3 $5)
16. Bf3 $2 (16. Nf3) 16... e5 $1 $17 {Kamsky-Benjamin, USA (ch) 1991.}) 8. Nbd2
cxd4 9. exd4 Qb6 10. Qc1 Nc6 11. Nc4 Bxc4 12. Bxc4 e5 13. dxe5 Nxe5 (13... dxe5
$5 14. Be3 Qc7) 14. Be2 Nxf3+ 15. Bxf3 Rfe8+ 16. Kf1 Ne4 17. Qc2 d5 18. Kg1
Rac8 (18... f5 $5) 19. Rd1 Bd4 20. Bxe4 Rxe4 21. Bg3 h5 22. Qd2 Bf6 23. Qxd5
Rce8 $44 {Ferguson-I. Gurevich, London 1994.}) 7... Nc6 8. Be2 cxd4 9. exd4 e5
10. dxe5 dxe5 {[#]} 11. Bh2 $2 (11. Bg5 h6 12. Bxf6 Qxf6 13. O-O Bf5 14. Qa4
Rfd8 $15 {Stoppel-Wittmann, Graz 1992.}) (11. Nxe5 Nd5 $1 12. Nxc6 $8 bxc6 13.
Bg3 (13. Bh2 Re8 14. O-O Bxc3 15. bxc3 Nxc3 16. Qc2 Nxe2+ 17. Kh1 Bf5 18. Qb2
Qd4 $17 {Kindl-Cvitan, Mendrisio 1987.}) 13... Re8 14. O-O Bxc3 15. Qc1 (15.
Bc4 Bxb2 16. Rb1 Bg7 17. Qb3 Bf5 18. Rbc1 Qb6 19. Nf3 h6 20. Rfe1 Bb2 21. Rcd1
Qxb3 22. axb3 Nb6 23. Ne5 Nxc4 24. Nxc4 Bc3 $17 {Zurek-Pavlovic, Trnava 1988.})
(15. Nc4 Bxb2 16. Rb1 Nc3 17. Qxd8 Nxe2+ 18. Kh2 Rxd8 19. Rxb2 Ba6 $1 20. Rc2
Rd4 $1 {0-1 Cebalo-Cvitan, Vrnjacka Banja 1985.}) 15... Bg7 16. Bf3 (16. Re1
Nb4 17. Nc4 Ba6 18. a3 Nd3 19. Bxd3 Rxe1+ 20. Qxe1 Qxd3 21. Ne5 Qc2 22. Qc1 Qe4
23. Qc3 Re8 24. Qxc6 Qxc6 25. Nxc6 {1/2-1/2 Cvitan-Sideif Zade, Baku 1983.})
16... Ba6 17. Nc4 (17. Rd1 Re6 18. Nb3 Qb6 19. Qd2 Nb4 20. Bf4 Rae8 21. Be3
Rxe3 $5 22. fxe3 Nd3 23. Kh1 Bh6 24. Qc2 Rxe3 25. Rd2 c5 26. Bd5 c4 27. Bxc4
Rxh3+ $3 28. gxh3 Bb7+ 29. Rg2 Nf2+ 30. Kg1 Ng4+ 31. Rf2 Nxf2 32. Bxf7+ Kg7 33.
Qc5 Be3 34. Qxb6 Bxb6 35. Bc4 Nxh3+ 36. Kf1 Nf4 37. a4 h5 38. Rd1 Bg2+ 39. Ke1
h4 40. Kd2 h3 {0-1 Guseinov-Kuzmin, USSR 1983.}) 17... Qf6 (17... Re6 $5) 18.
Rd1 Nc3 $2 (18... Rad8 $5 19. Qc2 Nb4 20. Qb3 c5) 19. Qxc3 $1 Qxc3 20. bxc3
Bxc4 21. Bxc6 Bxc3 22. Rac1 {1-0 Granda Zuniga-Komljenovic, Cordoba 1990.})
11... e4 12. Ne5 (12. Ng5 Qe7 13. Nc4 h6 14. Bd6 Qe8 15. Bxf8 Qxf8 $17) 12...
e3 $1 13. Ndc4 (13. fxe3 Nxe5 14. Bxe5 Nd5 15. Nc4 (15. Bg3 Nxe3 $19) (15. Bxg7
Qh4+ $19) (15. Bd4 Qh4+ 16. Kf1 Bxd4 $19) (15. Bf4 g5 $1 16. c4 (16. Bg3 Nxe3
$19) 16... gxf4 17. cxd5 Qh4+ 18. Kf1 fxe3 $19) 15... Bxe5 16. Nxe5 Qh4+ 17.
Kd2 Qf2 18. Nc4 (18. Ng4 Bxg4 19. hxg4 Nxe3 $19) (18. Qg1 $145 Qg3 19. Nf3 Re8
20. Re1 Rxe3 21. Qh2 (21. c4 Qf4 22. cxd5 Rxf3+ 23. Kd1 Rf2 $17) 21... Qf2 22.
Qg1 $11) 18... Nxe3 $1 $19) 13... exf2+ 14. Kxf2 Ne4+ 15. Kf1 (15. Ke3 Qh4 $19)
15... Qf6+ 16. Nf3 (16. Bf3 $5 Be6 17. Qe2 Ng5 $17) 16... Rd8 17. Qe1 Be6 18.
Kg1 Bh6 $1 {/\ b5} 19. Bf1 Qf5 (19... Bxc4 $5 20. Bxc4 Re8 {/\ Nd2-Be3} 21. Bg3
Be3+ $1 (21... Nd2 22. Be2 $8 Nxf3+ 23. gxf3 $17) 22. Qxe3 Nxg3 23. Qg5 Qxg5
24. Nxg5 Ne5 $1 $19) 20. Nce5 Nxe5 21. Bxe5 Bd5 $1 (21... Nd2 $2 22. Nd4 $1)
22. Bd3 (22. Bd4 $5 Qf4 (22... Re8 23. Qh4 Bf4 24. Bd3 $13) 23. Be5 (23. Qh4
Ng3 24. Qxf4 Bxf4 $19) 23... Qe3+ 24. Kh2 (24. Qxe3 Bxe3+ 25. Kh2 Nf2 26. Rg1 (
26. Re1 Bb6 27. Rg1 Bxf3 28. gxf3 Nd3 29. Bxd3 Bxg1+ $19) 26... Bxf3 27. gxf3
Nd3 28. Bf6 Bxg1+ 29. Kxg1 Rd7 $19) 24... Nf2 25. Rg1 Bxf3 26. gxf3 Bf4+ 27.
Bxf4 Qxf4+ 28. Rg3 Rd2 29. Bg2 h5 $19) 22... Re8 23. Bd4 Qf4 $1 24. Qh4 Ng3 25.
Rh2 {[#]} (25. Qxf4 Bxf4 26. Rh2 Ne2+ 27. Bxe2 Bxh2+ $19) 25... Qe3+ $3 26.
Bxe3 Bxe3# 0-1

[Event "Haninge m"]
[Site "Haninge"]
[Date "1993.??.??"]
[Round "3"]
[White "Andersson, Ulf"]
[Black "Hellers, Ferdinand"]
[Result "1/2-1/2"]
[WhiteElo "2625"]
[BlackElo "2565"]
[Annotator "Wedberg,T"]
[PlyCount "74"]
[EventDate "1993.??.??"]
[EventType "match"]
[EventRounds "4"]
[EventCountry "SWE"]
[SourceTitle "CBM 036"]
[Source "ChessBase"]
[SourceDate "1993.10.01"]
[SourceVersion "1"]
[SourceVersionDate "1993.10.01"]
[SourceQuality "1"]

1. d4 Nf6 2. Nf3 g6 3. Bg5 Bg7 4. Nbd2 O-O 5. c3 d6 6. e3 Nbd7 7. Be2 e5 8. O-O
Re8 (8... Qe8 $5 {/\ Nh5,f5}) 9. dxe5 dxe5 10. Qc2 Qe7 11. e4 b6 (11... h6 12.
Bh4 g5 $5 13. Bg3 Nh5 14. Nc4 (14. Bxe5 $2 g4 $19) 14... Nf4 15. Ne3 Nf6 $13)
12. Rfe1 Bb7 13. b4 $1 Qf8 14. a3 Nh5 15. Bb5 c6 16. Bf1 f6 17. Be3 Rad8 18.
Rad1 Qe7 19. Nc4 Nf8 20. Rxd8 Rxd8 21. Rd1 Ne6 22. Rxd8+ Qxd8 23. a4 $6 (23.
Qa2 $1 {/\ Nb6} Qe7 (23... Kf7 24. Ncxe5+ fxe5 25. Ng5+) 24. a4 $16) 23... Bf8
$1 24. Qa2 Nhg7 25. a5 (25. Bh6 Kf7) 25... c5 26. bxc5 bxc5 27. Nfd2 Kh8 28. a6
Bc8 29. Na5 Qb6 30. Nb7 Be7 (30... Bxb7 31. axb7 Qxb7 32. Bc4 $44) 31. Qd5 Nc7
32. Qf7 Qe6 33. Qxe6 Ngxe6 34. Nb3 Nxa6 $2 35. Bxa6 Nc7 36. Bc4 $4 (36. N7xc5
Nxa6 (36... Bxc5 37. Bxc8 $18) 37. Nxa6 Bxa6 38. Bxa7 $16) 36... Bxb7 37. Nxc5
Bc6 1/2-1/2